Haciendo las preguntas correctas. Foucault, poder y sexualidad (Record no. 178765)

MARC details
000 -CABECERA
campo de control de longitud fija 01920nab a2200265 a 4500
005 - FECHA Y HORA DE LA ÚLTIMA TRANSACCIÓN
campo de control 20260108103602.0
008 - ELEMENTOS DE LONGITUD FIJA--INFORMACIÓN GENERAL
campo de control de longitud fija 991125c2015 sp fr p o 000 0 spa d
035 ## - NÚMERO DE CONTROL DEL SISTEMA
Número de control de sistema UPN01000206664
040 ## - FUENTE DE LA CATALOGACIÓN
Centro catalogador/agencia de origen MX-MxUPN
Lengua de catalogación spa
Centro/agencia transcriptor MX-MxUPN
Normas de descripción aacr2
049 ## - COLECCIÓN
Colección ART-E
100 1# - ASIENTO PRINCIPAL--NOMBRE PERSONAL
Nombre de persona Sequeira Rovira, Paula
100 1# - ASIENTO PRINCIPAL--NOMBRE PERSONAL
Filiación paulasr30@yahoo.com
245 10 - MENCIÓN DE TÍTULO
Título Haciendo las preguntas correctas. Foucault, poder y sexualidad
506 0# - NOTA DE RESTRICCIONES AL ACCESO
Limitaciones de acceso Acceso abierto
520 3# - NOTA DE RESUMEN, ETC.
Sumario, etc. Este artículo tiene como propósito señalar la predominancia que ha existido en mirar la sexualidad desde un enfoque que tiene como horizonte la hipótesis represiva. Con ello se quiere decir que la sexualidad ha sido fundamentalmente analizada como un espacio reprimido y constreñido por diferentes agentes, legislaciones, instituciones, culturas, etc. Lo anterior ha estado in$uenciado en países de América Latina y otros lugares, por el uso de un marco de análisis del “poder para” y “poder sobre” que mira al poder como bueno o malo, dependiendo de su objetivo y resultados. Esta visión de la hipótesis represiva influye directamente en la forma en cómo ésta se investiga, las preguntas que se hacen y los resultados que se obtienen. Este documento busca plantear las posibilidades teóricas y analíticas que ofrece la teoría foucaultiana en estos estudios para permitir crear otro tipo de aproximación a estas temáticas que se aparten de mirar a la sexuali- dad como un sitio de represión o liberación.
650 #2 - ASIENTO SECUNDARIO DE MATERIA - TERMINO TEMATICO
Término de materia o nombre geográfico como elemento de entrada Sexualidad
9 (RLIN) 7977
650 #4 - ASIENTO SECUNDARIO DE MATERIA - TERMINO TEMATICO
Término de materia o nombre geográfico como elemento de entrada Poder (Ciencias sociales)
9 (RLIN) 1203
653 0# - TERMINO DE INDIZACION - NO CONTROLADO
Término no controlado Foucault, Paul-Michel, 1926-1984
653 0# - TERMINO DE INDIZACION - NO CONTROLADO
Término no controlado Hipótesis represiva
773 ## - ENLACE AL DOCUMENTO FUENTE/ENTRADA DE REGISTRO ANFITRIÓN
Parte(s) relacionada(s) No. 31 (2015), p. 131-148
Título Empiria : revista de metodología de las ciencias sociales
Número Internacional Normalizado para Publicaciones Seriadas 1139-5737
856 4# - LOCALIZACIÓN Y ACCESO ELECTRÓNICOS
Identificador Uniforme del Recurso <a href="https://revistas.uned.es/index.php/empiria/article/view/14540">https://revistas.uned.es/index.php/empiria/article/view/14540</a>
902 ## - ELEMENTOS DE DATOS B LOCAL, LDB (RLIN)
Creó Gloria Jiménez/080126
905 ## - TIPO DE MATERIAL
Tipo de material Articulo
942 ## - ELEMENTOS DE PUNTO DE ACCESO ADICIONAL (KOHA)
Tipo de ítem Koha Artículo Electrónico
Holdings
Estado de retiro Estado de pérdida Estado dañado No para préstamo Código de colección Localización permanente Ubicación/localización actual Ubicación en estantería Fecha de adquisición Total de préstamos Fecha visto por última vez Identificador Uniforme del Recurso Precio válido a partir de Tipo de ítem Koha
        Acceso abierto Bib. Gregorio Torres Quintero Bib. Gregorio Torres Quintero En línea 08/01/2026   08/01/2026 https://revistas.uned.es/index.php/empiria/article/view/14540 08/01/2026 Artículo Electrónico